MARC details
| 000 -LEADER |
| fixed length control field |
01442cam a2200433 4500 |
| 001 - CONTROL NUMBER |
| control field |
22025 |
| 003 - CONTROL NUMBER IDENTIFIER |
| control field |
VRT |
| 005 - DATE AND TIME OF LATEST TRANSACTION |
| control field |
20260317163206.0 |
| 008 - FIXED-LENGTH DATA ELEMENTS--GENERAL INFORMATION |
| fixed length control field |
210630s2020 rb g h 000 0bslo |
| 015 ## - NATIONAL BIBLIOGRAPHY NUMBER |
| National bibliography number |
SNBA2020 |
| 020 ## - INTERNATIONAL STANDARD BOOK NUMBER |
| International Standard Book Number |
9788651704560 |
| Qualifying information |
(brožované) |
| 039 #9 - LEVEL OF BIBLIOGRAPHIC CONTROL AND CODING DETAIL [OBSOLETE] |
| Level of rules in bibliographic description |
202508071323 |
| Level of effort used to assign nonsubject heading access points |
msnk167 |
| Level of effort used to assign subject headings |
202412181413 |
| Level of effort used to assign classification |
AUTHORITY |
| Level of effort used to assign subject headings |
202402091126 |
| Level of effort used to assign classification |
msnk13 |
| Level of effort used to assign subject headings |
202107011030 |
| Level of effort used to assign classification |
msnk03 |
| 040 ## - CATALOGING SOURCE |
| Original cataloging agency |
SNK |
| Language of cataloging |
slo |
| Transcribing agency |
SNK |
| Description conventions |
rda |
| 041 1# - LANGUAGE CODE |
| Language code of text/sound track or separate title |
slo |
| Language code of original |
eng |
| 044 ## - COUNTRY OF PUBLISHING/PRODUCING ENTITY CODE |
| MARC country code |
rb |
| ISO country code |
RS |
| 072 #7 - SUBJECT CATEGORY CODE |
| Subject category code |
929 |
| Subject category code subdivision |
Biografie |
| Source |
konspekt |
| 080 ## - UNIVERSAL DECIMAL CLASSIFICATION NUMBER |
| Universal Decimal Classification number |
929.731-055.2 |
| Edition identifier |
2011 |
| 080 ## - UNIVERSAL DECIMAL CLASSIFICATION NUMBER |
| Universal Decimal Classification number |
929.732-055.2 |
| Edition identifier |
2011 |
| 080 ## - UNIVERSAL DECIMAL CLASSIFICATION NUMBER |
| Universal Decimal Classification number |
929(092) |
| Edition identifier |
2011 |
| 100 1# - MAIN ENTRY--PERSONAL NAME |
| Personal name |
Moody, Marcia |
| Relationship |
aut |
| 240 10 - UNIFORM TITLE |
| Uniform title |
Kate - a biography |
| Language of a work |
Slovensky |
| 245 10 - TITLE STATEMENT |
| Title |
Kate |
| Remainder of title |
jej životopis |
| Number of part/section of a work |
1. časť |
| Statement of responsibility, etc. |
Marcia Moody ; preložil: Parcel Perecár |
| 264 #1 - PRODUCTION, PUBLICATION, DISTRIBUTION, MANUFACTURE, AND COPYRIGHT NOTICE |
| Place of production, publication, distribution, manufacture |
[Beograd] |
| Name of producer, publisher, distributor, manufacturer |
Liber Novus d.o.o. |
| Date of production, publication, distribution, manufacture, or copyright notice |
2020 |
| 300 ## - PHYSICAL DESCRIPTION |
| Extent |
127 strán |
| Dimensions |
18 cm |
| 336 ## - CONTENT TYPE |
| Content type term |
text |
| Content type code |
txt |
| Source |
rdacontent |
| 337 ## - MEDIA TYPE |
| Media type term |
bez média |
| Media type code |
n |
| Source |
rdamedia |
| 338 ## - CARRIER TYPE |
| Carrier type term |
zväzok |
| Carrier type code |
nc |
| Source |
rdacarrier |
| 600 17 - SUBJECT ADDED ENTRY--PERSONAL NAME |
| Personal name |
Catherine, |
| Titles and other words associated with a name |
princezná z Walesu, |
| Dates associated with a name |
1982- |
| Source of heading or term |
SNKMA |
| 650 07 - SUBJECT ADDED ENTRY--TOPICAL TERM |
| Topical term or geographic name entry element |
princezné |
| Source of heading or term |
SNKPH |
| 650 07 - SUBJECT ADDED ENTRY--TOPICAL TERM |
| Topical term or geographic name entry element |
Princesses |
| Source of heading or term |
SNKPHeng |
| 650 07 - SUBJECT ADDED ENTRY--TOPICAL TERM |
| Topical term or geographic name entry element |
vojvodkyne |
| Source of heading or term |
SNKPH |
| 650 07 - SUBJECT ADDED ENTRY--TOPICAL TERM |
| Topical term or geographic name entry element |
Duchesses |
| Source of heading or term |
SNKPHeng |
| 655 #7 - INDEX TERM--GENRE/FORM |
| Genre/form data or focus term |
biografie |
| Source of term |
SNKPH |
| 655 #7 - INDEX TERM--GENRE/FORM |
| Genre/form data or focus term |
Biography |
| Source of term |
SNKPHeng |
| 700 1# - ADDED ENTRY--PERSONAL NAME |
| Personal name |
Perecár, Marcel, |
| Dates associated with a name |
1972-1 |
| Relationship |
trl |
| 942 ## - ADDED ENTRY ELEMENTS (KOHA) |
| Source of classification or shelving scheme |
Dewey Decimal Classification |
| Koha item type |
Krásna literatúra pre dospelých |
| Suppress in OPAC |
No |
| 949 ## - LOCAL PROCESSING INFORMATION (OCLC) |
| 6 |
17A1531371 |
| a |
snkSD 89924/1 D1 |
| b |
snk2024/2081 |
| o |
33/24 - em |
| 949 ## - LOCAL PROCESSING INFORMATION (OCLC) |
| 6 |
17A1447957 |
| a |
snkSD 89924/1 |
| b |
snk2021/7806 |
| o |
60/21 - em |